000 00398 a2200133 4500
005 20250629130531.0
020 _a978-81-203-2859-4
082 _a658.7 ALT
100 _aALTEKAR,R.V.
245 _aSupply Chain Management:Concepts and Cases
260 _aNew Delhi,
_bPHI Learning Private Limited,
_c2005.
300 _axv,453p.:ill.;figures
_bBibliography, Glossary and Index
_c24cm
942 _2ddc
_cBKS
999 _c6350
_d6350